000
00285cam a22000977a 4500
008
180718b1986 xxu||||| |||| 00| 0 eng d
100
_a
Gaba, Om Prakash
245
_a
Sanvidhanvaad (Hindi)
_c
by Om Prakash Gaba
260
_a
Delhi
_b
Hindi Madhyam Karyanvay Nideshalya
_c
1986
300
_a
49p.
999
_c
405931
_d
405931